| 000 | 00663nam a2200253Ia 4500 | ||
|---|---|---|---|
| 005 | 20250425162140.0 | ||
| 008 | 250425s9999 xx 000 0 und d | ||
| 020 | _a958941205X | ||
| 041 | _aspa | ||
| 082 | _a631.5 | ||
| 100 | _aCADAVID GUTIÉRREZ, JESÚS IVÁN | ||
| 245 | 0 | _aGRANJA INTEGRAL AUTOSIFICIENTE : PROCESE ALIMENTOS Y LACTEOS | |
| 250 | _a1A ED. | ||
| 260 | _aBOGOTA | ||
| 260 |
_aColombia _bDISLOQUE _c1995 |
||
| 300 | _a104 | ||
| 500 | _aCOLECCIÓN BIBLIOTECA DEL CAMPO | ||
| 650 | _aCONSERVACION DE ALIMENTOS | ||
| 650 | _aLACTEOS | ||
| 650 | _aORDEÑO MECANICO | ||
| 650 | _aPRODUCTOS LACTEOS | ||
| 942 | _c01 | ||
| 010 | _a52993 | ||
| 999 |
_c223299 _d223299 |
||